Music Quiz

Random Music or Song Quiz

'Heartbreaker' Lyrics Quiz Stats

 Plays Quiz not verified by Sporcle

Also try: Musicians 7-to-1
Challenge
Share
Tweet
Embed
Score 0/200 Timer 06:00
0 Plays Today
% Correct
a
97.8%
a
97.8%
a
97.8%
a
97.8%
a
97.8%
a
97.8%
a
97.8%
a
97.8%
you
97.5%
you
97.5%
cha
97.5%
cha
97.5%
You
97.5%
You
97.5%
you
97.5%
you
97.5%
cha
97.5%
cha
97.5%
you
97.5%
you
97.5%
cha
97.5%
cha
97.5%
heartbreaker,
96.4%
heartbreaker,
96.4%
heartbreaker,
96.4%
heartbreaker,
96.4%
Heartbreaker!
96.4%
heartbreaker,
96.4%
heartbreaker,
96.4%
heartbreaker,
96.4%
love
94.8%
me
94.8%
love
94.8%
me.
94.8%
love
94.8%
love
94.8%
me
94.8%
love
94.8%
me.
94.8%
love
94.8%
love
94.8%
me.
94.8%
love
94.8%
me.
94.8%
love
94.8%
Your
94.5%
your
94.5%
Don't
93.4%
Don't
93.4%
Don't
93.4%
Don't
93.4%
Don't
93.4%
Don't
93.4%
You're
92%
You're
92%
You're
92%
You're
92%
You're
92%
You're
92%
You're
92%
You're
92%
You're
92%
You're
92%
maker,
91.5%
with
91.5%
maker,
91.5%
maker,
91.5%
% Correct
with
91.5%
maker,
91.5%
maker,
91.5%
with
91.5%
maker,
91.5%
with
91.5%
maker,
91.5%
taker.
91.2%
taker.
91.2%
taker.
91.2%
taker.
91.2%
taker.
91.2%
taker.
91.2%
taker.
91.2%
dream
90.9%
dream
90.9%
dream
90.9%
dream
90.9%
dream
90.9%
dream
90.9%
dream
90.9%
around
90.1%
around
90.1%
around
90.1%
around.
90.1%
around
90.1%
around
90.1%
the
89.8%
is
89.8%
the
89.8%
The
89.8%
the
89.8%
The
89.8%
the
89.8%
The
89.8%
mess
89.6%
mess
89.6%
mess
89.6%
mess
89.6%
mess
89.6%
mess
89.6%
my
87.4%
my
87.4%
my
87.4%
my
87.4%
my
87.4%
to
86.3%
to
86.3%
to
86.3%
to
86.3%
to
86.3%
to
86.3%
to
86.3%
like
85.2%
of
84.3%
of
84.3%
of
84.3%
of
84.3%
of
84.3%
beeeeeeee
83.8%
no
83.8%
no
83.8%
no!
83.8%
beeeeeeee
83.8%
No
83.8%
no
83.8%
no!
83.8%
% Correct
beeeeeeee
83.8%
and
79.1%
and
79.1%
and
79.1%
and
79.1%
that
78.8%
that
78.8%
that
78.8%
wave
77.5%
tidal
77.2%
right
76.6%
right
76.6%
right
76.6%
kind
76.4%
kind
76.4%
kind
76.4%
head.
74.5%
know
74.2%
know
74.2%
know
74.2%
inner
73.6%
inner
73.6%
inner
73.6%
fantasy.
73.4%
fantasy.
73.4%
fantasy.
73.4%
over
72.8%
were
72%
were
72%
were
72%
release
71.7%
release
71.7%
release
71.7%
winner
70.3%
winner
70.3%
winner
70.3%
sinner
70.1%
on
70.1%
sinner
70.1%
sinner
70.1%
born
69.2%
born
69.2%
born
69.2%
it's
64.8%
it's
64.8%
out
61.3%
fire
59.1%
control.
57.7%
desire,
57.1%
soul
56.9%
set
54.1%
spinnin'
53.3%
now
53%
better
52.7%
left
52.7%
unsaid.
51.1%
promises
49.7%
burnin'
49.7%
ways
48.1%
taught
45.6%
invincible
44.8%
invincible
44.8%
invincible
44.8%
toll.
43.4%
taken
34.1%
Drownin'
29.7%

You're not logged in!

Compare scores with friends on all Sporcle quizzes.
OR
Log In

You Might Also Like...

Show Comments

Extras

Created Feb 9, 2013ReportNominate
Tags:Lyrics Quiz, Song Quiz

Top Quizzes Today


Score Distribution

Your Account Isn't Verified!

In order to create a playlist on Sporcle, you need to verify the email address you used during registration. Go to your Sporcle Settings to finish the process.

Report this User

Report this user for behavior that violates our Community Guidelines.

Details: